000 00684nam a22001817a 4500
003 OSt
005 20240826095837.0
008 240826b ||||| |||| 00| 0 eng d
040 _cAIMIT LIBRARY
100 _aAkshatha
_e2216009
_9177900
245 _a Study on cost volume and protect analysis of Dakshina Kannada co operative milk producers union limited /
_cBy Akshatha ; Guided by Poulami Saha.
260 _aMangalore ;
_c2024.
650 _aLiterature review
_9177901
650 _aData analysis and interpretation
_9177902
700 _aSaha, Poulami.
_eGuide
_9177903
856 _3Dakshina Kannada co operative milk producers union limited
_uwww.dkmul.com
942 _2ddc
_cPRO
999 _c231584
_d231584